The first half of the seventeenth century /

Bibliographic Details
Main Author: Grierson, Herbert John Clifford, Sir, 1866-1960
Format: Book
Language:English
Published: New York : C. Scribner's sons, 1906.
Series:Periods of European literature, VII
Subjects:

MARC

Tag First Indicator Second Indicator Subfields
LEADER 00000cam a2200000 4500
001 in00000026625
005 20151007062608.0
008 780821s1906 nyu 00010 eng
010 |a  08019011  
035 |a (OCoLC)04154922 
035 |9 AAD5306AM 
040 |a DLC  |c IQU  |d TXA  |d UtOrBLW 
049 |a TXAM  |c [2899] 
050 0 0 |a PN741  |b .G7 
092 |a 809  |b G848f 
100 1 |a Grierson, Herbert John Clifford,  |c Sir,  |d 1866-1960. 
245 1 4 |a The first half of the seventeenth century /  |c by Herbert J. C. Grierson. 
264 1 |a New York :  |b C. Scribner's sons,  |c 1906. 
300 |a xiv, 388 pages ;  |c 20 cm. 
336 |a text  |b txt  |2 rdacontent 
337 |a unmediated  |b n  |2 rdamedia 
338 |a volume  |b nc  |2 rdacarrier 
490 0 |a Periods of European literature, VII 
650 0 |a Literature, Modern  |y 17th century  |x History and criticism. 
999 |a MARS 
999 f f |s 463c6e95-353c-376a-a548-9395cdbdccc4  |i 06e5eeb6-da1f-3db9-9beb-a765b133b119  |t 0 
952 f f |p ric  |a Texas A&M University  |b Rellis Campus  |c Joint Library Facility  |d Remote Storage  |t 0  |e PN741 .G7  |h Library of Congress classification  |i unmediated -- volume  |m A14801204971 
998 f f |a PN741 .G7  |t 0  |l Remote Storage